| 000 | 00566nam a2200169Ia 4500 | ||
|---|---|---|---|
| 008 | 230917s9999||||xx |||||||||||||| ||und|| | ||
| 020 | _cRS700 | ||
| 040 |
_e222736 _aMAIN |
||
| 041 | _aEnglish | ||
| 082 | _a891.433721 GB959A | ||
| 100 | _aगुप्त, भैरव प्रसाद | ||
| 245 | 0 | _aआशा कलिन्दी और रम्भा | |
| 260 |
_aइलाहाबाद _bलोकभारती प्रकाशन _c2014 |
||
| 300 | _a487 पृ. p. | ||
| 500 | _a1835 14/01/2015 RAJKAMAL6917 24/01/2015 Main Budget | ||
| 942 | _cBK | ||
| 999 |
_c13631 _d13631 |
||